Seguridad social : régimen general régimen general
Descripción Física:
573 p. ; 17 cm
Colección:
Colección textos legales ; 42
MARC
| LEADER | 00000nam a2200000Ia 4500 | ||
|---|---|---|---|
| 001 | 14039 | ||
| 008 | 160829s1967 xx 000 0 cat d | ||
| 080 | |a M-4-92 | ||
| 100 | |a Espanya. Lleis, etc. |9 23269 | ||
| 245 | |a Seguridad social : |b régimen general | ||
| 250 | |a 3a ed. | ||
| 260 | |a Madrid : |b Boletín Oficial del Estado, |c 1967 | ||
| 300 | |a 573 p. ; |c 17 cm | ||
| 490 | |a Colección textos legales ; 42 | ||
| 590 | |a Taula cronològica. | ||
| 590 | |a Índex | ||
| 650 | |a Seguretat social |x Dret i legislació |x Espanya |9 23276 | ||
| 901 | |a Arxiu | ||
| 942 | |n 1 | ||
| 952 | |0 0 |1 0 |4 0 |6 M492 |7 1 |9 42647 |a Arxiu |b Arxiu |d 2016-12-01 |l 0 |o M-4-92 |p 14039 |r 2016-12-01 00:00:00 |w 2016-12-01 |y ARXIU | ||
| 999 | |c 45153 |d 45153 | ||